Voľný čas - súčasť socialistického spôsobu života

Bibliographic Details
Main Author: Vida, Koloman (Author)
Format: Article
Language:Slovak
Subjects:

MARC

LEADER 00000nab a2200000 a 4500
001 vtls000187056
003 SK-MaSNL
005 20260303210725.0
008 111106c1984 xo 0 slo
015 |a SNBRB19rr/mm-uuuuu 
035 |a CL0197169 
040 |a SNKBUCL  |b slo  |c SNKBUCL  |e AACR2 
041 0 |a slo 
044 |a xo  |c SK 
080 |a 1 100.514.3:379.8  |2 1981 
080 |a 379.8  |2 1981 
100 1 |a Vida, Koloman  |4 aut  |9 428785 
245 1 0 |a Voľný čas - súčasť socialistického spôsobu života  |c Koloman Vida 
650 0 7 |a spôsob života socialistický  |2 snkbucl  |9 921626 
650 0 7 |a voľný čas  |2 snkbucl  |9 3355 
655 7 |a články z novín a časopisov  |2 snkbucl  |9 267496 
773 0 |t Pravda  |g Roč. 65, č. 155 (3. 7. 1984), s. 4 
850 |a Slovenská národná knižnica v Martine  |a MTA001 
852 |a SNK  |b KIS3GCP 
958 |a RK 
992 |a RBX 
999 |c 2201367  |d 2203297